Mi cuerpo es mi territorio : pautas de prevención del abuso sexual hacia los niños y las niñas /
| Hoofdauteur: | |
|---|---|
| Formaat: | Boek |
| Taal: | Spaans |
| Gepubliceerd in: |
Perú :
Manuela Ramos,
1996
|
| Onderwerpen: |
MARC
| LEADER | 00000nam a2200000Ia 4500 | ||
|---|---|---|---|
| 008 | 170523b1996 p ||||| |||| 00| | spa d | ||
| 999 | |c 1246 |d 1246 | ||
| 090 | |a 02.04.02 |b 534 | ||
| 100 | 1 | |a Galdos Silva, Susana |9 2828 | |
| 245 | 1 | 3 | |a Mi cuerpo es mi territorio : pautas de prevención del abuso sexual hacia los niños y las niñas / |c Susana Galdos |
| 260 | |a Perú : |b Manuela Ramos, |c 1996 | ||
| 300 | |a 31 páginas | ||
| 650 | 1 | 4 | |a ABUSO SEXUAL |9 58 |
| 650 | 1 | 4 | |a NIÑOS |9 59 |
| 650 | 1 | 4 | |a NIÑAS |9 60 |
| 650 | 1 | 4 | |a PREVENCIÓN |9 554 |
| 942 | |i 00918 |h 02.04.02 534 |2 z |c 01 | ||
